00695nam a2200181 a 450000100100000000500170001000800410002704000250006810000270009324501170012026000460023749000330028370000260031683000400034204900090038295201050039199900170049600002733120200930030746.0110331s1985 dr a 000 0 spa d aDO-SdBNPbspacBNPHU1 aGadea, Jorge A.921355 0aLa comunicación internacional :bmanual de entretenimiento en comunicación /cJorge A. Gadea, Will A. Gadea. aSanto Domingo :bEditora Corripio,c1985.1 aLíderes para el desarrollo1 aGadea, Will A.954410 0aLíderes para el desarrollo954411 aBNPD 0010718PDaPDbPDcCTd2011-03-31iLF1l0o p27331-10r2020-06-25w2020-06-25yLFPDZNo se presta c26823d26823